| 000 -LEADER |
| fixed length control field |
01162pab a2200181 454500 |
| 008 - FIXED-LENGTH DATA ELEMENTS--GENERAL INFORMATION |
| fixed length control field |
180718b2000 xxu||||| |||| 00| 0 eng d |
| 100 ## - MAIN ENTRY--PERSONAL NAME |
| Personal name |
Romero-Lankao, Patricia |
| 245 ## - TITLE STATEMENT |
| Title |
Sustainability and public management reform: two challenges for Mexican environmental policy |
| 260 ## - PUBLICATION, DISTRIBUTION, ETC. |
| Date of publication, distribution, etc. |
2000 |
| 300 ## - PHYSICAL DESCRIPTION |
| Extent |
p.389-99 |
| 362 ## - DATES OF PUBLICATION AND/OR SEQUENTIAL DESIGNATION |
| Dates of publication and/or sequential designation |
Dec |
| 520 ## - SUMMARY, ETC. |
| Summary, etc. |
Mexico's efforts to develop and implement environmental policy face two critical challenges: (a) underlying but predictable difficulties in defining the concept of sustainable development and (b) fundamental organizational dificulties associated with public management reform within the responsible agency, the Ministry of Environment, Natural Resources, and Fisheries of Mexico (SEMARNAP). This article examinies these difficulties conceptually, traces their operational impact within SEMARNAP, and offers some recommendations intended to increase the effectiveness of Mexican environmental policy. - Reproduced |
| 650 ## - SUBJECT ADDED ENTRY--TOPICAL TERM |
| Topical term or geographic name entry element |
Environmental policy - Mexico |
| 650 ## - SUBJECT ADDED ENTRY--TOPICAL TERM |
| Topical term or geographic name entry element |
Administrative reform - Mexico |
| 650 ## - SUBJECT ADDED ENTRY--TOPICAL TERM |
| Topical term or geographic name entry element |
Administrative reform |
| 773 ## - HOST ITEM ENTRY |
| Main entry heading |
American Review of Public Administration |
| 909 ## - |
| -- |
47328 |